{"text_format":"3","workbook":"xlsx","n_sheets":1,"sheets":["t587"],"read":"whole","date_system":"1900"}

{"sheet":"t587","index":0,"n_rows":215,"n_cols":7,"rows_kept":215,"merged":[[0,0,0,6],[28,0,28,5],[46,0,46,5],[169,0,169,5]]}
["TABELA 587.1 - Estatísticas Agrícolas, Município de Tambaú, Estado de São Paulo, 2016/17."]
["ITEM","UNIDADE","N.DE UPAs","MÍNIMO","MÉDIO","MÁXIMO","TOTAL"]
["Distância à sede do município","km",777,0.3,{"v":12.35,"d":"12.4"},{"v":46,"d":"46.0"},"-"]
["Área total","hectare",777,{"v":0.95,"d":"1.0"},{"v":69.29,"d":"69.3"},{"v":1917.6,"d":"1,917.6"},{"v":53839.48,"d":"53,839.5"}]
["Área com cultura perene","hectare",100,0.1,{"v":62.39,"d":"62.4"},{"v":1416,"d":"1,416.0"},{"v":6239.4,"d":"6,239.4"}]
["Área com cultura temporária","hectare",460,0.1,{"v":57.13,"d":"57.1"},{"v":1330,"d":"1,330.0"},{"v":26282,"d":"26,282.0"}]
["Área com pastagem","hectare",354,0.1,{"v":15.28,"d":"15.3"},314.3,{"v":5408.8,"d":"5,408.8"}]
["Área com reflorestamento","hectare",280,0.1,{"v":11.67,"d":"11.7"},114.2,{"v":3267.5,"d":"3,267.5"}]
["Área com vegetação natural","hectare",649,{"v":0.02,"d":"0.0"},{"v":16.26,"d":"16.3"},487.6,{"v":10552.59,"d":"10,552.6"}]
["Área com vegetação de brejo e várzea","hectare",92,0.1,{"v":6.43,"d":"6.4"},152.6,591.5]
["Área em descanso","hectare",21,{"v":0.25,"d":"0.3"},{"v":17.48,"d":"17.5"},119.1,{"v":367.05,"d":"367.1"}]
["Área complementar","hectare",591,0.1,{"v":1.91,"d":"1.9"},{"v":48,"d":"48.0"},{"v":1130.64,"d":"1,130.6"}]
["Área das UPAs com (0, 1] ha","hectare",1,{"v":0.95,"d":"1.0"},{"v":0.95,"d":"1.0"},{"v":0.95,"d":"1.0"},{"v":0.95,"d":"1.0"}]
["Área das UPAs com (1, 2] ha","hectare",9,1.4,{"v":1.89,"d":"1.9"},{"v":2,"d":"2.0"},{"v":17,"d":"17.0"}]
["Área das UPAs com (2, 5] ha","hectare",128,2.1,{"v":3.34,"d":"3.3"},{"v":5,"d":"5.0"},{"v":427.94,"d":"427.9"}]
["Área das UPAs com (5, 10] ha","hectare",90,5.1,{"v":7.34,"d":"7.3"},{"v":10,"d":"10.0"},{"v":660.25,"d":"660.3"}]
["Área das UPAs com (10, 20] ha","hectare",113,10.1,{"v":14.82,"d":"14.8"},{"v":20,"d":"20.0"},{"v":1675.15,"d":"1,675.2"}]
["Área das UPAs com (20, 50] ha","hectare",195,20.3,{"v":31.76,"d":"31.8"},49.1,{"v":6193.28,"d":"6,193.3"}]
["Área das UPAs com (50, 100] ha","hectare",111,50.3,{"v":73.42,"d":"73.4"},{"v":100,"d":"100.0"},{"v":8149.44,"d":"8,149.4"}]
["Área das UPAs com (100, 200] ha","hectare",70,101.6,{"v":140.35,"d":"140.4"},196.7,{"v":9824.67,"d":"9,824.7"}]
["Área das UPAs com (200, 500] ha","hectare",45,{"v":208,"d":"208.0"},{"v":284.66,"d":"284.7"},{"v":484,"d":"484.0"},{"v":12809.5,"d":"12,809.5"}]
["Área das UPAs com (500, 1.000] ha","hectare",11,503.5,{"v":647.93,"d":"647.9"},910.3,{"v":7127.2,"d":"7,127.2"}]
["Área das UPAs com (1.000, 2.000] ha","hectare",4,{"v":1417.5,"d":"1,417.5"},{"v":1738.53,"d":"1,738.5"},{"v":1917.6,"d":"1,917.6"},{"v":6954.1,"d":"6,954.1"}]
["Área das UPAs com (2.000, 5.000] ha","hectare","-","-","-","-","-"]
["Área das UPAs com (5.000, 10.000] ha","hectare","-","-","-","-","-"]
["Área das UPAs acima de 10.000 ha","hectare","-","-","-","-","-"]
["Fonte: Secretaria de Agricultura e Abastecimento, CDRS/IEA, Projeto LUPA."]
[]
["TABELA 587.2 - Explorações Animais, Município de Tambaú, Estado de São Paulo, 2016/17."]
["ITEM","UNIDADE","N.DE UPAs","MÍNIMO","MÉDIO","MÁXIMO","TOTAL"]
["Apicultura","colmeias",1,{"v":600,"d":"600.0"},{"v":600,"d":"600.0"},{"v":600,"d":"600.0"},{"v":600,"d":"600.0"}]
["Asininos e muares","cabecas",13,{"v":1,"d":"1.0"},{"v":1.31,"d":"1.3"},{"v":2,"d":"2.0"},{"v":17,"d":"17.0"}]
["Avicultura de corte","cabecas/ano",9,{"v":1200,"d":"1,200.0"},{"v":215133.33,"d":"215,133.3"},{"v":384000,"d":"384,000.0"},{"v":1936200,"d":"1,936,200.0"}]
["Avicultura ornamental/decorativa/exotica","cabecas",4,{"v":120,"d":"120.0"},242.5,{"v":400,"d":"400.0"},{"v":970,"d":"970.0"}]
["Avicultura para ovos","cabecas",7,{"v":12,"d":"12.0"},{"v":17286,"d":"17,286.0"},{"v":120000,"d":"120,000.0"},{"v":121002,"d":"121,002.0"}]
["Bovinocultura de corte","cabecas",29,{"v":3,"d":"3.0"},{"v":81.28,"d":"81.3"},{"v":320,"d":"320.0"},{"v":2357,"d":"2,357.0"}]
["Bovinocultura leiteira","cabecas",12,{"v":1,"d":"1.0"},{"v":42.08,"d":"42.1"},{"v":276,"d":"276.0"},{"v":505,"d":"505.0"}]
["Bovinocultura mista","cabecas",143,{"v":1,"d":"1.0"},{"v":35.94,"d":"35.9"},{"v":335,"d":"335.0"},{"v":5139,"d":"5,139.0"}]
["Bubalinocultura","cabecas",1,{"v":68,"d":"68.0"},{"v":68,"d":"68.0"},{"v":68,"d":"68.0"},{"v":68,"d":"68.0"}]
["Caprinocultura","cabecas",5,{"v":1,"d":"1.0"},19.4,{"v":40,"d":"40.0"},{"v":97,"d":"97.0"}]
["Equinocultura","cabecas",112,{"v":1,"d":"1.0"},{"v":3.43,"d":"3.4"},{"v":25,"d":"25.0"},{"v":384,"d":"384.0"}]
["Ovinocultura","cabecas",12,{"v":4,"d":"4.0"},{"v":67.67,"d":"67.7"},{"v":500,"d":"500.0"},{"v":812,"d":"812.0"}]
["Piscicultura","m2 tanques",5,{"v":30,"d":"30.0"},{"v":52006,"d":"52,006.0"},{"v":150000,"d":"150,000.0"},{"v":260030,"d":"260,030.0"}]
["Suinocultura","cabecas",37,{"v":1,"d":"1.0"},{"v":10.08,"d":"10.1"},{"v":40,"d":"40.0"},{"v":373,"d":"373.0"}]
["Fonte: Secretaria de Agricultura e Abastecimento, CDRS/IEA, Projeto LUPA."]
[]
["TABELA 587.3 -  Máquinas, Implementos e Benfeitorias, Município de Tambaú, Estado de São Paulo, 2016/17."]
["ITEM","UNIDADE","N.DE UPAs","MÍNIMO","MÉDIO","MÁXIMO","TOTAL"]
["Arado comum (bacia, aiveca)","unidade",123,{"v":1,"d":"1.0"},1.1,{"v":3,"d":"3.0"},{"v":135,"d":"135.0"}]
["Arado escarificador","unidade",4,{"v":1,"d":"1.0"},{"v":1,"d":"1.0"},{"v":1,"d":"1.0"},{"v":4,"d":"4.0"}]
["Arado subsolador","unidade",32,{"v":1,"d":"1.0"},{"v":1.09,"d":"1.1"},{"v":2,"d":"2.0"},{"v":35,"d":"35.0"}]
["Batedeira de cereais","unidade",4,{"v":1,"d":"1.0"},{"v":1.25,"d":"1.3"},{"v":2,"d":"2.0"},{"v":5,"d":"5.0"}]
["Carregadeira de cana","unidade",2,{"v":3,"d":"3.0"},{"v":3,"d":"3.0"},{"v":3,"d":"3.0"},{"v":6,"d":"6.0"}]
["Carreta de trator","unidade",66,{"v":1,"d":"1.0"},1.7,{"v":15,"d":"15.0"},{"v":112,"d":"112.0"}]
["Colhedeira acoplada","unidade",5,{"v":1,"d":"1.0"},{"v":1,"d":"1.0"},{"v":1,"d":"1.0"},{"v":5,"d":"5.0"}]
["Colhedeira automotriz","unidade",4,{"v":1,"d":"1.0"},{"v":1.25,"d":"1.3"},{"v":2,"d":"2.0"},{"v":5,"d":"5.0"}]
["Computador","unidade",10,{"v":1,"d":"1.0"},1.6,{"v":5,"d":"5.0"},{"v":16,"d":"16.0"}]
["Conj.irrigacao autopropelido","unidade",8,{"v":1,"d":"1.0"},{"v":1,"d":"1.0"},{"v":1,"d":"1.0"},{"v":8,"d":"8.0"}]
["Conj.irrigacao convencional","unidade",12,{"v":1,"d":"1.0"},{"v":1.08,"d":"1.1"},{"v":2,"d":"2.0"},{"v":13,"d":"13.0"}]
["Conj.irrigacao pivot central","unidade",6,{"v":1,"d":"1.0"},{"v":1.67,"d":"1.7"},{"v":3,"d":"3.0"},{"v":10,"d":"10.0"}]
["Conj.irrigacao/gotejamento/microaspersao","unidade",8,{"v":1,"d":"1.0"},1.5,{"v":4,"d":"4.0"},{"v":12,"d":"12.0"}]
["Desintegrador de palha (plantio direto)","unidade",4,{"v":1,"d":"1.0"},{"v":1,"d":"1.0"},{"v":1,"d":"1.0"},{"v":4,"d":"4.0"}]
["Desintegrador, picador, triturador","unidade",158,{"v":1,"d":"1.0"},{"v":1.08,"d":"1.1"},{"v":3,"d":"3.0"},{"v":170,"d":"170.0"}]
["Distribuidor de calcario","unidade",79,{"v":1,"d":"1.0"},{"v":1.29,"d":"1.3"},{"v":5,"d":"5.0"},{"v":102,"d":"102.0"}]
["Embarcação","unidade",1,{"v":1,"d":"1.0"},{"v":1,"d":"1.0"},{"v":1,"d":"1.0"},{"v":1,"d":"1.0"}]
["Ensiladeira","unidade",35,{"v":1,"d":"1.0"},{"v":1.11,"d":"1.1"},{"v":3,"d":"3.0"},{"v":39,"d":"39.0"}]
["Grade aradora (tipo romi)","unidade",59,{"v":1,"d":"1.0"},{"v":1.15,"d":"1.2"},{"v":5,"d":"5.0"},{"v":68,"d":"68.0"}]
["Grade niveladora","unidade",123,{"v":1,"d":"1.0"},{"v":1.05,"d":"1.1"},{"v":2,"d":"2.0"},{"v":129,"d":"129.0"}]
["Implementos para tracao animal","unidade",7,{"v":1,"d":"1.0"},{"v":1.29,"d":"1.3"},{"v":3,"d":"3.0"},{"v":9,"d":"9.0"}]
["Máquina de classificar frutas","unidade",3,{"v":1,"d":"1.0"},{"v":1,"d":"1.0"},{"v":1,"d":"1.0"},{"v":3,"d":"3.0"}]
["Misturador de racao","unidade",8,{"v":1,"d":"1.0"},{"v":1,"d":"1.0"},{"v":1,"d":"1.0"},{"v":8,"d":"8.0"}]
["Mmicrotrator","unidade",4,{"v":1,"d":"1.0"},{"v":1.75,"d":"1.8"},{"v":3,"d":"3.0"},{"v":7,"d":"7.0"}]
["Ordenhadeira mecanica","unidade",20,{"v":1,"d":"1.0"},{"v":1.25,"d":"1.3"},{"v":6,"d":"6.0"},{"v":25,"d":"25.0"}]
["Pulverizador tratorizado","unidade",105,{"v":1,"d":"1.0"},{"v":1.97,"d":"2.0"},{"v":15,"d":"15.0"},{"v":207,"d":"207.0"}]
["Resfriador de leite, tanque expansao","unidade",39,{"v":1,"d":"1.0"},{"v":1.08,"d":"1.1"},{"v":2,"d":"2.0"},{"v":42,"d":"42.0"}]
["Retroescavadeira","unidade",2,{"v":1,"d":"1.0"},{"v":1,"d":"1.0"},{"v":1,"d":"1.0"},{"v":2,"d":"2.0"}]
["Roçadora","unidade",62,{"v":1,"d":"1.0"},{"v":1.42,"d":"1.4"},{"v":5,"d":"5.0"},{"v":88,"d":"88.0"}]
["Semeadeira/adubadeira para plantio convencional","unidade",57,{"v":1,"d":"1.0"},{"v":1.05,"d":"1.1"},{"v":3,"d":"3.0"},{"v":60,"d":"60.0"}]
["Semeadeira/plantadeira plantio direto","unidade",14,{"v":1,"d":"1.0"},{"v":1.14,"d":"1.1"},{"v":3,"d":"3.0"},{"v":16,"d":"16.0"}]
["Tanque rede","m3",4,{"v":1,"d":"1.0"},{"v":2650.5,"d":"2,650.5"},{"v":10000,"d":"10,000.0"},{"v":10602,"d":"10,602.0"}]
["Terraceador","unidade",2,{"v":1,"d":"1.0"},{"v":1,"d":"1.0"},{"v":1,"d":"1.0"},{"v":2,"d":"2.0"}]
["Trator de esteiras","unidade",2,{"v":1,"d":"1.0"},{"v":1,"d":"1.0"},{"v":1,"d":"1.0"},{"v":2,"d":"2.0"}]
["Trator de pneus  acima de 85 cv","unidade",43,{"v":1,"d":"1.0"},{"v":1.58,"d":"1.6"},{"v":5,"d":"5.0"},{"v":68,"d":"68.0"}]
["Trator de pneus até 65 cv","unidade",62,{"v":1,"d":"1.0"},{"v":1.15,"d":"1.2"},{"v":3,"d":"3.0"},{"v":71,"d":"71.0"}]
["Trator de pneus de 66 cv a 85 cv","unidade",133,{"v":1,"d":"1.0"},{"v":1.93,"d":"1.9"},{"v":17,"d":"17.0"},{"v":257,"d":"257.0"}]
["Acude/represa","unidade",212,{"v":1,"d":"1.0"},{"v":1.71,"d":"1.7"},{"v":15,"d":"15.0"},{"v":363,"d":"363.0"}]
["Alambique","unidade",2,{"v":1,"d":"1.0"},{"v":1,"d":"1.0"},{"v":1,"d":"1.0"},{"v":2,"d":"2.0"}]
["Almoxarifado/oficina","unidade",78,{"v":1,"d":"1.0"},{"v":1.04,"d":"1.0"},{"v":2,"d":"2.0"},{"v":81,"d":"81.0"}]
["Armazem para graos ensacados","sacas",5]
["Balanca para bovinos","unidade",6,{"v":1,"d":"1.0"},{"v":1,"d":"1.0"},{"v":1,"d":"1.0"},{"v":6,"d":"6.0"}]
["Balanca para veiculos","unidade",6,{"v":1,"d":"1.0"},{"v":1,"d":"1.0"},{"v":1,"d":"1.0"},{"v":6,"d":"6.0"}]
["Barracao para bicho da seda/sirgaria","unidade",1,{"v":1,"d":"1.0"},{"v":1,"d":"1.0"},{"v":1,"d":"1.0"},{"v":1,"d":"1.0"}]
["Barracao para granja/avicultura","unidade",33,{"v":1,"d":"1.0"},{"v":3.12,"d":"3.1"},{"v":50,"d":"50.0"},{"v":103,"d":"103.0"}]
["Barracao/galpao/garagem","unidade",235,{"v":1,"d":"1.0"},{"v":1.23,"d":"1.2"},{"v":6,"d":"6.0"},{"v":289,"d":"289.0"}]
["Biodigestor","unidade",2,{"v":1,"d":"1.0"},{"v":1,"d":"1.0"},{"v":1,"d":"1.0"},{"v":2,"d":"2.0"}]
["Casa de moradia habitada","unidade",341,{"v":1,"d":"1.0"},{"v":1.63,"d":"1.6"},{"v":12,"d":"12.0"},{"v":556,"d":"556.0"}]
["Casa de moradia total","unidade",463,{"v":1,"d":"1.0"},{"v":2.11,"d":"2.1"},{"v":21,"d":"21.0"},{"v":976,"d":"976.0"}]
["Curral/mangueira","unidade",109,{"v":1,"d":"1.0"},{"v":1.11,"d":"1.1"},{"v":3,"d":"3.0"},{"v":121,"d":"121.0"}]
["Deposito/tulha","unidade",85,{"v":1,"d":"1.0"},{"v":1.05,"d":"1.1"},{"v":2,"d":"2.0"},{"v":89,"d":"89.0"}]
["Engenho","unidade",1,{"v":1,"d":"1.0"},{"v":1,"d":"1.0"},{"v":1,"d":"1.0"},{"v":1,"d":"1.0"}]
["Estabulo","unidade",158,{"v":1,"d":"1.0"},{"v":1.09,"d":"1.1"},{"v":4,"d":"4.0"},{"v":172,"d":"172.0"}]
["Estacao/posto meteorologico","unidade",1,{"v":1,"d":"1.0"},{"v":1,"d":"1.0"},{"v":1,"d":"1.0"},{"v":1,"d":"1.0"}]
["Estufa/plasticultura","m2",4]
["Fabrica de racao","unidade",4,{"v":1,"d":"1.0"},{"v":1,"d":"1.0"},{"v":1,"d":"1.0"},{"v":4,"d":"4.0"}]
["Instalacoes para equinos","unidade",12,{"v":1,"d":"1.0"},{"v":2,"d":"2.0"},{"v":10,"d":"10.0"},{"v":24,"d":"24.0"}]
["Maquina de beneficio","unidade",3,{"v":1,"d":"1.0"},{"v":1,"d":"1.0"},{"v":1,"d":"1.0"},{"v":3,"d":"3.0"}]
["Olaria","unidade",9,{"v":1,"d":"1.0"},{"v":1.11,"d":"1.1"},{"v":2,"d":"2.0"},{"v":10,"d":"10.0"}]
["Packing house","unidade",3,{"v":1,"d":"1.0"},{"v":1,"d":"1.0"},{"v":1,"d":"1.0"},{"v":3,"d":"3.0"}]
["Pocilga","unidade",42,{"v":1,"d":"1.0"},{"v":1,"d":"1.0"},{"v":1,"d":"1.0"},{"v":42,"d":"42.0"}]
["Poco semi-artesiano","unidade",88,{"v":1,"d":"1.0"},{"v":1.02,"d":"1.0"},{"v":2,"d":"2.0"},{"v":90,"d":"90.0"}]
["Secador de graos","unidade",3,{"v":1,"d":"1.0"},{"v":1,"d":"1.0"},{"v":1,"d":"1.0"},{"v":3,"d":"3.0"}]
["Silo para graos","ton",2]
["Silo para silagem","ton",27]
["Terreiro","m2",28]
["Usina de acucar/destilaria","unidade",1,{"v":1,"d":"1.0"},{"v":1,"d":"1.0"},{"v":1,"d":"1.0"},{"v":1,"d":"1.0"}]
["Fonte: Secretaria de Agricultura e Abastecimento, CDRS/IEA, Projeto LUPA."]
[]
["TABELA 587.4 - Outras Estatísticas Agrícolas, Município de Tambaú, Estado de São Paulo, 2016/17."]
["ITEM","Número de UPAs",null,"Percentual"]
["Faz Parte de Associação de Produtores",159,null,{"v":20.463320463320464,"d":"20.5"}]
["Faz Parte de Cooperativa de Produtores",350,null,{"v":45.04504504504504,"d":"45.0"}]
["Faz Parte do Sindicato de Produtores",438,null,{"v":56.37065637065637,"d":"56.4"}]
["Não utiliza assistência técnica ",159,null,{"v":20.463320463320464,"d":"20.5"}]
["Utiliza somente assistência técnica governamental ",72,null,{"v":9.266409266409266,"d":"9.3"}]
["Utiliza somente assistência técnica privada ",331,null,{"v":42.5997425997426,"d":"42.6"}]
["Utiliza assistência técnica tanto governamental quanto privada",215,null,{"v":27.670527670527672,"d":"27.7"}]
["Utiliza Crédito Rural",272,null,{"v":35.006435006435005,"d":"35.0"}]
["Utiliza Seguro Rural",129,null,{"v":16.602316602316602,"d":"16.6"}]
["Utiliza Escrituração Agrícola",391,null,{"v":50.32175032175032,"d":"50.3"}]
["Acessa Internet p/ Fins na Agropecuária",218,null,{"v":28.056628056628053,"d":"28.1"}]
["Utiliza Computador nas Atividades Agropecuárias",210,null,{"v":27.027027027027025,"d":"27.0"}]
["Utiliza Energia Elétrica Para Uso na Atividade Agrícola",538,null,{"v":69.24066924066925,"d":"69.2"}]
["Utiliza Energia Alternativa","-",null,"-"]
["Realiza Análise de Solo, quando necessário",642,null,{"v":82.62548262548262,"d":"82.6"}]
["Realiza Calagem",494,null,{"v":63.577863577863575,"d":"63.6"}]
["Utiliza Práticas de Conservação de Solo, quando necessário",657,null,{"v":84.55598455598455,"d":"84.6"}]
["Faz Adubação Mineral, quando necessário",641,null,{"v":82.49678249678249,"d":"82.5"}]
["Faz Adubação Orgânica, quando necessário",373,null,{"v":48.00514800514801,"d":"48.0"}]
["Faz Adubação Verde, quando necessário",156,null,{"v":20.077220077220076,"d":"20.1"}]
["Utiliza Manejo Integrado de Pragas (MIP)",76,null,{"v":9.781209781209782,"d":"9.8"}]
["Utiliza Hidroponia",1,null,{"v":0.1287001287001287,"d":"0.1"}]
["Utiliza Cultivo em Estufa",4,null,{"v":0.5148005148005148,"d":"0.5"}]
["Utiliza Mudas Fiscalizadas",480,null,{"v":61.77606177606177,"d":"61.8"}]
["Utiliza Semente Melhorada",130,null,{"v":16.73101673101673,"d":"16.7"}]
["Faz Confinamento de Bovinos",17,null,{"v":2.187902187902188,"d":"2.2"}]
["Utiliza Pastejo Intensivo",23,null,{"v":2.96010296010296,"d":"3.0"}]
["Faz Inseminação Artificial",17,null,{"v":2.187902187902188,"d":"2.2"}]
["Faz Mineralização do Rebanho",180,null,{"v":23.166023166023166,"d":"23.2"}]
["Faz Vermifugação do Rebanho",182,null,{"v":23.423423423423422,"d":"23.4"}]
["Possui Parceiros /Arrendatários na Exploração Animal",292,null,{"v":37.580437580437575,"d":"37.6"}]
["Existência de trabalhadores c/ deficiência na UPA",1,null,{"v":0.1287001287001287,"d":"0.1"}]
["Esporte e lazer",12,null,{"v":1.5444015444015444,"d":"1.5"}]
["Extração mineral",43,null,{"v":5.534105534105534,"d":"5.5"}]
["Hotel Fazenda, Pousada ou SPA",2,null,{"v":0.2574002574002574,"d":"0.3"}]
["Pesque-pague",1,null,{"v":0.1287001287001287,"d":"0.1"}]
["Restaurante ou Lanchonete","-",null,"-"]
["Transformação artesanal","-",null,"-"]
["Turismo rural ou ecoturismo","-",null,"-"]
["Outras atividades econômicas rurais",33,null,{"v":4.2471042471042475,"d":"4.2"}]
["Agroindústria",3,null,{"v":0.3861003861003861,"d":"0.4"}]
["Proprietário sem instrução ou com instrução incompleta",4,null,{"v":0.5148005148005148,"d":"0.5"}]
["Proprietário com antigo primário completo",57,null,{"v":7.335907335907336,"d":"7.3"}]
["Proprietário com 1° grau (ou antigo ginasial) completo",252,null,{"v":32.43243243243243,"d":"32.4"}]
["Proprietário com 2° grau (ou antigo colegial) completo",141,null,{"v":18.146718146718147,"d":"18.1"}]
["Proprietário com curso superior completo ",287,null,{"v":36.93693693693694,"d":"36.9"}]
["Pessoa Jurídica",36,null,{"v":4.633204633204634,"d":"4.6"}]
["Proprietário residente na própria UPA ",118,null,{"v":15.186615186615187,"d":"15.2"}]
["Fonte: Secretaria de Agricultura e Abastecimento, CDRS/IEA, Projeto LUPA."]
[]
["TABELA 587.5 - Área Cultivada, Município de Tambaú, Estado de São Paulo, 2016/17."]
["CULTURA","N.DE UPAs","MÍNIMO","MÉDIO","MÁXIMO","TOTAL"]
["Cana-de-acucar finalidade industria",360,2.4,{"v":67.35,"d":"67.4"},{"v":1330,"d":"1,330.0"},{"v":24244.5,"d":"24,244.5"}]
["Laranja Industria",47,{"v":5,"d":"5.0"},{"v":110.59,"d":"110.6"},{"v":1416,"d":"1,416.0"},{"v":5197.9,"d":"5,197.9"}]
["Braquiaria",330,0.1,{"v":15.24,"d":"15.2"},314.3,{"v":5030.3,"d":"5,030.3"}]
["Eucalipto",280,0.1,{"v":11.67,"d":"11.7"},114.2,{"v":3267.5,"d":"3,267.5"}]
["Milho safra",66,0.2,{"v":21.05,"d":"21.1"},{"v":320,"d":"320.0"},{"v":1389.2,"d":"1,389.2"}]
["Soja",9,4.3,{"v":33.52,"d":"33.5"},97.1,301.7]
["Cafe",19,0.1,{"v":15.76,"d":"15.8"},89.5,299.4]
["Tangor",7,6.1,{"v":29.21,"d":"29.2"},{"v":107,"d":"107.0"},204.5]
["Feijao",9,0.5,{"v":21.82,"d":"21.8"},{"v":70,"d":"70.0"},196.4]
["Sorgo",5,1.2,{"v":38.96,"d":"39.0"},{"v":150,"d":"150.0"},194.8]
["Cana-de-acucar outras finalidades",46,0.1,{"v":3.37,"d":"3.4"},72.6,154.9]
["Batata-inglesa (ou batata, ou batatinha)",3,31.5,{"v":46.63,"d":"46.6"},{"v":60,"d":"60.0"},139.9]
["Capim-napier (ou capim-elefante)",40,0.2,{"v":3.23,"d":"3.2"},41.3,129.3]
["Manga",9,0.2,{"v":13.19,"d":"13.2"},{"v":41,"d":"41.0"},118.7]
["Gramas",23,0.4,{"v":5.01,"d":"5.0"},15.1,115.2]
["Mandioca",18,0.1,{"v":5.66,"d":"5.7"},47.6,101.8]
["Laranja destino misto",3,2.4,31.3,68.5,93.9]
["Laranja Mercado",5,{"v":6,"d":"6.0"},{"v":17.18,"d":"17.2"},34.5,85.9]
["Seringueira",2,{"v":10,"d":"10.0"},32.9,55.8,65.8]
["Tangerina",9,0.5,{"v":7.18,"d":"7.2"},17.4,64.6]
["Coloniao",8,0.6,{"v":7.89,"d":"7.9"},{"v":30,"d":"30.0"},63.1]
["Capim-jaragua",6,2.4,{"v":6.57,"d":"6.6"},19.9,39.4]
["Lichia",3,0.2,{"v":12.33,"d":"12.3"},36.3,{"v":37,"d":"37.0"}]
["Milho-silagem",5,3.4,{"v":6.08,"d":"6.1"},{"v":10,"d":"10.0"},30.4]
["Setaria",1,{"v":30,"d":"30.0"},{"v":30,"d":"30.0"},{"v":30,"d":"30.0"},{"v":30,"d":"30.0"}]
["Banana",4,{"v":1,"d":"1.0"},4.8,{"v":10,"d":"10.0"},19.2]
["Limao",3,{"v":3,"d":"3.0"},{"v":6,"d":"6.0"},{"v":10,"d":"10.0"},{"v":18,"d":"18.0"}]
["Milho 2 safra",1,{"v":17,"d":"17.0"},{"v":17,"d":"17.0"},{"v":17,"d":"17.0"},{"v":17,"d":"17.0"}]
["Abacate",5,{"v":2,"d":"2.0"},{"v":3.08,"d":"3.1"},{"v":5,"d":"5.0"},15.4]
["Outras olericolas",5,0.5,{"v":2.12,"d":"2.1"},{"v":4,"d":"4.0"},10.6]
["Palmito",1,{"v":10,"d":"10.0"},{"v":10,"d":"10.0"},{"v":10,"d":"10.0"},{"v":10,"d":"10.0"}]
["Pomar domestico",7,0.1,{"v":0.74,"d":"0.7"},{"v":2,"d":"2.0"},5.2]
["Pupunha",1,{"v":5,"d":"5.0"},{"v":5,"d":"5.0"},{"v":5,"d":"5.0"},{"v":5,"d":"5.0"}]
["Jabuticaba",5,0.3,{"v":0.96,"d":"1.0"},2.5,4.8]
["Horta domestica",9,0.1,{"v":0.48,"d":"0.5"},{"v":1,"d":"1.0"},4.3]
["Maracuja",4,0.2,{"v":0.85,"d":"0.9"},{"v":2,"d":"2.0"},3.4]
["Outras frutiferas",2,0.7,{"v":1.55,"d":"1.6"},2.4,3.1]
["Alface",4,0.1,{"v":0.38,"d":"0.4"},{"v":1,"d":"1.0"},1.5]
["Outras gramineas para pastagem",1,1.5,1.5,1.5,1.5]
["Floricultura para vaso",1,0.7,0.7,0.7,0.7]
["Acerola (ou cereja-das-antilhas)",1,0.5,0.5,0.5,0.5]
["Coco-da-baia",1,0.5,0.5,0.5,0.5]
["Sorgo-vassoura",1,0.5,0.5,0.5,0.5]
["Fonte: Secretaria de Agricultura e Abastecimento, CDRS/IEA, Projeto LUPA."]